Dream SMP quiz - Statistics

General Stats
  • This quiz has been taken 19,110 times
  • The average score is 22 of 52
Answer Stats
Hint Answer % Correct
Who is the 'king' of the SMP? Dream
96%
The man in the shadows? Dream
96%
Who is WAP's Lord and savior? Dream
96%
His british friend? George
96%
His right hand man ^? Tommy
94%
His Texan friend? Sapnap
93%
The furry? Fundy
91%
___box? Tubbo
89%
The president of l'manberg/Pogtopia? Wilbur
89%
The Kind Demon? Badboyhalo
84%
The traitor? Eret
80%
The man of spanish and goose? Quackity
79%
His best friend ^? Skeppy
78%
The war hog of combat? Technoblade
76%
Who killed him ^? Technoblade
76%
L'manbergs new name? Manberg
65%
His best friend (animal) ^? Henry
63%
Sapnaps boyfriend? Karl Jacobs
56%
Other runners with a bakery? Fundy and Niki
51%
A new nation under the hill? Pogtopia
50%
The most important items to the server? Discs
49%
Animation/animator that went viral? Sadist
49%
Wilburs political party Pog 2020
48%
Dreams dead horse? Spirit
47%
Quackity's political party? Swag 2020
44%
Tubbo's alter ego? Big Law
38%
The one of violet? Purpled
37%
The Stoneminer? Antfrost
32%
Sapnaps fish? Mars
32%
A visitor? Ninja
27%
The one with love? Niki Nihachu
24%
The other ego? Big crime
20%
What is WAP about? Twitch Prime
20%
What are the stress relievers? Pufferfish
19%
The Jack of all giants? Thunder
19%
Most important book to L'manberg? Declaration of Independence
17%
The way Dream died? Minecart
16%
What is the official religion? WAP
16%
The ram? Jshlatt
15%
The Dog of Pogtopia? L'dog
10%
The crop of the hill nation? Potatoes
10%
The Schlatt disc? Blocks
9%
Tommy's other dead cows? Harvey and Harold
8%
The festival that took storm? The manberg festival
8%
Fundy's book? A spy's diary
6%
The sacred shack? The cuckshed
6%
Tubbo was guilty of...? Betraying
4%
Wilbur's theme song? I'll let it burn
4%
The game that was played? Deal or no Deal
3%
Day the election took place? September 22nd
3%
Something tommy and tubbo built in emergencies? Vault
3%
Skeppy's one wish? Quartz
2%
No matching quizzes found
Score Distribution
Percent of People with Each Score
Percentile by Number Answered
Your Score History
You have not taken this quiz